000 00284nam a2200133 i 4500
001 bg
245 0 _aTechnologia młynarstwa.
_nCz.1.
250 _aWyd.3.
260 _aWarszawa,
_c1966.
040 _cBPK
041 _apol
942 _cKS
008 s pl f |000 0 pol
999 _c4369
_d4369
856 _uhttp://koha.tu.koszalin.pl/cgi-bin/koha/opac-detail.pl?biblionumber=4369
_yKatalog online BPK